Podanie odvolania v daňovom konaní

Všeobecná právna úprava odvolacieho daňového konania.

Uložené v:
Podrobná bibliografia
Hlavný autor: Hrtánek, Ladislav
Médium: Kapitola
Jazyk:Slovak
Predmet:
Tagy: Pridať tag
Žiadne tagy, Buďte prvý, kto otaguje tento záznam!

MARC

LEADER 00000naa a2200000 4500
001 0219434
005 20240426105105.5
041 0 |a slo 
044 |a SK 
245 1 0 |a Podanie odvolania v daňovom konaní  |c Ladislav Hrtánek 
520 |a Všeobecná právna úprava odvolacieho daňového konania. 
610 2 0 |a konanie daňové 
610 2 0 |a prostriedky opravné 
610 2 0 |a legislatíva 
610 2 0 |a odvolanie 
610 2 0 |a Slovensko 
100 1 |a Hrtánek, Ladislav